000 00524nam a22001937a 4500
003 OSt
005 20160426124605.0
008 160426b xxu||||| |||| 00| 0 eng d
020 _a0333487575
040 _cDDC.
082 _a371BIS 1989.
100 _aGeorge,Bishop.
_98294
245 _aAlternative Strategies for Education.
260 _aLondon.
_bMacmillan Education.
_c1989.
300 _avi,226p;
_bill;
_c20cm.
504 _aincludes index,bibliography and index
650 _aEducation.
_91404
942 _2ddc
_cSLOAN
999 _c3764
_d3764